Communes françaises au bord de la Mer Méditerranée - Statistiques

Statistiques générales
  • Ce quiz a été pris 527 fois
  • Le résultat moyen est 33 sur 86
Statistiques - réponses
Indice Première lettre Commune % Correct
Plus grande ville française sur la côte méditerranéenne M Marseille
92%
Connu entre autre pour son festival du film C Cannes
90%
Lieu d'origine de Garibaldi N Nice
89%
Possède un célèbre port militaire T Toulon
86%
Auparavant rattaché à la principauté de Monaco M Menton
84%
3+4 S Sète
80%
Lieu de patrouille d'un certain gendarme loufoque S Saint-Tropez
79%
Plus grande ville de France commençant par H H Hyères
73%
Porte le même nom qu'un célèbre tunnel routier F Fréjus
71%
L'une des plus grande station balnéaire A Antibes
69%
Sous-préfecture de l'Aude N Narbonne
68%
Son cap est une station balnéaire A Agde
65%
Un nom fruité C Cassis
65%
Chien à trois tête C Cerbère
65%
Venez admirer le port depuis le jardin Bonaparte S Saint-Raphaël
61%
Ne pas confondre avec le fleuve passant à Paris L La Seyne-sur-Mer
59%
Sous-préfecture des Bouches-du-Rhône A Arles
58%
Son nom est similaire à une certaine école militaire S Saint-Cyr-sur-Mer
56%
Possède le canal entre l'Étang de Berre et la Méditerranée M Martigues
55%
L'inverse d'acheters V Vendres
51%
Son nom est similaire à une sous-préfecture des Hautes-Pyrénées A Argelès-sur-Mer
50%
Sa baie est entrée au club des plus petites baies du monde L La Ciotat
50%
Signifie "Le passage du Roi" L Le Grau-du-Roi
47%
Connu pour son Casino P Palavas-les-Flots
46%
Inspire Henri Matisse et son fauvisme C Collioure
45%
Auguste Renoir y a passé la fin de sa vie C Cagnes-sur-Mer
44%
Presque la préfecture des Bouches-du-Rhône M Marseillan
43%
À un nom palindromique... E Èze
42%
Son nom viendrait de "lavoir" et non la fleur auquel il nous fait penser L Le Lavandou
42%
Un nom androgyne S Sainte-Maxime
42%
Né de la mission Racine sous Charles de Gaulles L La Grande-Motte
41%
Sur la péninsule du Cap Ferrat S Saint-Jean-Cap-Ferrat
41%
Son nom est une déformation de "Saint-Nazaire", nom qu'elle a déjà portée autrefois S Sanary-sur-Mer
41%
S'y déroule un pèlerinage de gitan S Saintes-Maries-de-la-Mer
40%
Avec la précédente, elles sont à l'embouchure du Var S Saint-Laurent-du-Var
39%
On y trouve la plage de Pampelonne R Ramatuelle
38%
Son nom va faire fuir les vampires ... C Cap-d'Ail
37%
Avec la commune de Vic-la-Gardiole, elle forme une AOP pour les muscats venant de la vile F Frontignan
37%
La mère et la mer S Sainte-Marie-la-Mer
37%
On a 2 à 3 fois plus de chance de développer un cancer ici F Fos-sur-Mer
36%
Commune du fort de Brégançon, lieu de vacance présidentielle B Bormes-les-Mimosas
35%
La seule commune qui touche Perpignan et la mer C Canet-en-Roussillon
35%
La Siagne s'y jette dans la mer M Mandelieu-la-Napoule
34%
Les organes pour tentendre T Torreilles
34%
Le village disparu à l'Antiquité avant de réapparaître durant le Moyen-Âge B Bandol
33%
Deuxième station balnéaire la plus au Sud de France métropolitaine, son anagramme est "ueasrnylubsrm" B Banyuls-sur-Mer
33%
C'est un joli endroit B Beaulieu-sur-Mer
30%
Son histoire est similaire à la ville précédente... R Roquebrune-Cap-Martin
30%
Le soleil doit bien chauffer là-bas ! S Six-Fours-les-Plages
30%
Commune du Golfe-Juan V Vallauris
30%
Son économie était tourné autour du sel G Gruissan
29%
Donne son nom à un étang entre l'Aude et les Pyrénées-Orientales L Leucate
29%
On y trouvait la dynamiterie de Paulilles P Port-Vendres
28%
Possède la citadelle St Elme V Villefranche-sur-Mer
28%
Tire son nom du cheval C Cavalaire-sur-Mer
27%
"Sant Cebrià de Rosselló" en catalan S Saint-Cyprien
26%
Les fleurs au printemps F Fleury
25%
Une écriture entre le noir et le blanc G Grimaud
25%
Elle est presque enclavée par la ville précédente V Valras-Plage
25%
Porte en son nom le nom d'un président de la 3ième république V Villeneuve-Loubet
25%
Cette ville des Pyrénées-Orientales est une bande de terre entre la mer et l'étang de Salses L Le Barcarès
24%
Est situé à l'embouchure du Rhône P Port-Saint-Louis-du-Rhône
24%
De nombreuses célébrités y ont vécu tel que Fernandel, Nina Simone ou Jean-Pierre Foucault C Carry-le-Rouet
23%
Produit des anches pour les instruments à vent de grande qualité O Ollioules
23%
Accueil naval récent P Port-la-Nouvelle
23%
Lieu du débarquement de la 3ieme division d'infanterie algérienne en 1944 C Cogolin
22%
Ses habitants sont les Melgoriens M Mauguio
22%
Elle protège le château L La Garde
21%
Autrement dit "avoir une barbe" P Port-de-Bouc
21%
La ville s'appelait "villa Aviatio" au début du Moyen-Âge V Vias
21%
Notre Dame d'Afrique rend honneur au français rapatrié d'Algérie T Théoule-sur-Mer
20%
Possède la syllabe "suès" E Ensuès-la-Redonne
19%
Possède deux ports de plaisance, "Miramar" et "Maravenne" L La Londe-les-Maures
19%
On y a retrouvé "L'épave de la Lune" à son large C Carqueiranne
18%
Ses habitants sont les "Illibériens" E Elne
18%
On y trouve le château de Palayson R Roquebrune-sur-Argens
18%
Située sur la presqu'île qui porte son nom S Saint-Mandrier-sur-Mer
18%
Ville du Musée Régional d'Art Contemporain S Sérignan
17%
L'un des plus beau village de France, avant il possédait quelques villages alentours G Gassin
16%
Rendre meilleur le travail du boulanger S Sausset-les-Pins
16%
Son nom viendrait d'un objet que l'empereur Constantin a vu dans le ciel L La Croix-Valmer
15%
S'est jumelée avec la commune roumaine de Arieșeni pour lutter contre sa démolition durant la dictature de Ceaușescu L Le Pradet
15%
Sous la commune passait un canal reliant la préfecture de des Bouches du Rhône et l'étang de Berre L Le Rove
15%
Sa cathédrale est isolé entre le centre-ville et la plage V Villeneuve-lès-Maguelone
15%
Comme beaucoup de ville du coin, le taureau est l'animal totémique de la ville P Portiragnes
14%
Le musicien Sacha Distel y est mort, une rue porte son nom R Rayol-Canadel-sur-Mer
14%
Aucun quiz correspondant
Distribution des résultats
% des personnes avec chaque résultat
Percentile par nombre de réponses
Votre historique - résultats
Vous n’avez pas pris ce quiz